|
|
|
|
| LEADER |
03541nam a2200589 4500 |
| 001 |
978-3-319-75866-4 |
| 003 |
DE-He213 |
| 005 |
20191027132155.0 |
| 007 |
cr nn 008mamaa |
| 008 |
180518s2019 gw | s |||| 0|eng d |
| 020 |
|
|
|a 9783319758664
|9 978-3-319-75866-4
|
| 024 |
7 |
|
|a 10.1007/978-3-319-75866-4
|2 doi
|
| 040 |
|
|
|d GrThAP
|
| 050 |
|
4 |
|a TJ265
|
| 050 |
|
4 |
|a QC319.8-338.5
|
| 072 |
|
7 |
|a TGMB
|2 bicssc
|
| 072 |
|
7 |
|a SCI065000
|2 bisacsh
|
| 072 |
|
7 |
|a TGMB
|2 thema
|
| 082 |
0 |
4 |
|a 621.4021
|2 23
|
| 100 |
1 |
|
|a Apazidis, Nicholas.
|e author.
|4 aut
|4 http://id.loc.gov/vocabulary/relators/aut
|
| 245 |
1 |
0 |
|a Shock Focusing Phenomena
|h [electronic resource] :
|b High Energy Density Phenomena and Dynamics of Converging Shocks /
|c by Nicholas Apazidis, Veronica Eliasson.
|
| 250 |
|
|
|a 1st ed. 2019.
|
| 264 |
|
1 |
|a Cham :
|b Springer International Publishing :
|b Imprint: Springer,
|c 2019.
|
| 300 |
|
|
|a XII, 158 p. 153 illus.
|b online resource.
|
| 336 |
|
|
|a text
|b txt
|2 rdacontent
|
| 337 |
|
|
|a computer
|b c
|2 rdamedia
|
| 338 |
|
|
|a online resource
|b cr
|2 rdacarrier
|
| 347 |
|
|
|a text file
|b PDF
|2 rda
|
| 490 |
1 |
|
|a Shock Wave and High Pressure Phenomena,
|x 2197-9529
|
| 505 |
0 |
|
|a Introduction -- Shock Focusing vs Explosions -- On stability of converging shocks -- Shock Focusing in Nature (for example collapse of supernovae and pistol shrimp) -- "Man-made" shock focusing -- Challenges -- Experimental approach overview -- Gases -- Liquids -- Solids -- Applications -- Summary and outlook.
|
| 520 |
|
|
|a One of the main reasons for continuing interest in shock focusing is its ability to concentrate energy in a small volume and produce extreme temperatures and pressures in fluids in a controlled laboratory environment. The phenomenon of shock wave focusing leading to extreme conditions in fluids during micro- and nanosecond time intervals is a spectacular example of mechanics at small length and time scales revealing the major properties of shock dynamics including high-temperature gas phenomena. Production of high-energy concentrations in gases and fluids with star-like temperatures and extreme pressures by means of a stable imploding shock is of great interest not only in its own right but also because of the connection to a multitude of phenomena in nature, technology and medicine.
|
| 650 |
|
0 |
|a Thermodynamics.
|
| 650 |
|
0 |
|a Heat engineering.
|
| 650 |
|
0 |
|a Heat transfer.
|
| 650 |
|
0 |
|a Mass transfer.
|
| 650 |
|
0 |
|a Fluids.
|
| 650 |
|
0 |
|a Chemical engineering.
|
| 650 |
|
0 |
|a Fluid mechanics.
|
| 650 |
1 |
4 |
|a Engineering Thermodynamics, Heat and Mass Transfer.
|0 http://scigraph.springernature.com/things/product-market-codes/T14000
|
| 650 |
2 |
4 |
|a Fluid- and Aerodynamics.
|0 http://scigraph.springernature.com/things/product-market-codes/P21026
|
| 650 |
2 |
4 |
|a Industrial Chemistry/Chemical Engineering.
|0 http://scigraph.springernature.com/things/product-market-codes/C27000
|
| 650 |
2 |
4 |
|a Engineering Fluid Dynamics.
|0 http://scigraph.springernature.com/things/product-market-codes/T15044
|
| 700 |
1 |
|
|a Eliasson, Veronica.
|e author.
|4 aut
|4 http://id.loc.gov/vocabulary/relators/aut
|
| 710 |
2 |
|
|a SpringerLink (Online service)
|
| 773 |
0 |
|
|t Springer eBooks
|
| 776 |
0 |
8 |
|i Printed edition:
|z 9783319758640
|
| 776 |
0 |
8 |
|i Printed edition:
|z 9783319758657
|
| 776 |
0 |
8 |
|i Printed edition:
|z 9783030093457
|
| 830 |
|
0 |
|a Shock Wave and High Pressure Phenomena,
|x 2197-9529
|
| 856 |
4 |
0 |
|u https://doi.org/10.1007/978-3-319-75866-4
|z Full Text via HEAL-Link
|
| 912 |
|
|
|a ZDB-2-ENG
|
| 950 |
|
|
|a Engineering (Springer-11647)
|